Analysis of linear systems (Record no. 4150)

000 -LEADER
fixed length control field 00506nam a22001931 4500
001 - CONTROL NUMBER
control field 4150
003 - CONTROL NUMBER IDENTIFIER
control field BD-DhUET
008 - FIXED-LENGTH DATA ELEMENTS--GENERAL INFORMATION
fixed length control field 790416s1959 maua 000 0 eng
040 ## - CATALOGING SOURCE
Original cataloging agency DLC
Transcribing agency DLC
Modifying agency BD-DhUET
082 ## - DEWEY DECIMAL CLASSIFICATION NUMBER
Classification number 629.83
Item number CHE/1959
100 1# - MAIN ENTRY--PERSONAL NAME
Personal name Cheng, David K.
245 00 - TITLE STATEMENT
Title Analysis of linear systems
250 ## - EDITION STATEMENT
Edition statement 1st ed.
260 ## - PUBLICATION, DISTRIBUTION, ETC. (IMPRINT)
Place of publication, distribution, etc. London
Name of publisher, distributor, etc. Addison-Wesley Publishing
Date of publication, distribution, etc. 1959
300 ## - PHYSICAL DESCRIPTION
Extent 431 p.
490 0# - SERIES STATEMENT
Series statement Addison-Wesley series in electrical engineering
650 #0 - SUBJECT ADDED ENTRY--TOPICAL TERM
Topical term or geographic name as entry element Linear Systems
942 ## - ADDED ENTRY ELEMENTS (KOHA)
Koha item type General Book
Holdings
Piece designation (barcode) Koha item type Not for loan Source of classification or shelving scheme Damaged status Copy number Koha normalized classification for sorting Lost status Date acquired Withdrawn status Price effective from Sublocation or collection (holding branch) Location (home branch) Koha full call number Koha date last seen Shelving location
78368General Book   1629_000000000000000_83CHE1959 2014-11-13 2014-11-13Central Library, BUETCentral Library, BUET629.83/CHE/19592014-11-13Circulation section
78370General Book   2629_000000000000000_83CHE1959 2014-11-13 2014-11-13Central Library, BUETCentral Library, BUET629.83/CHE/19592014-11-13Circulation section
78369General Book   3629_000000000000000_83CHE1959 2014-11-13 2014-11-13Central Library, BUETCentral Library, BUET629.83/CHE/19592014-11-13Circulation section
8330General Book   4629_000000000000000_83CHE1959 2014-11-17 2014-11-17Central Library, BUETCentral Library, BUET629.83/CHE/19592014-11-17Circulation section
24901General Book   5629_000000000000000_83CHE1959 2014-11-17 2014-11-17Central Library, BUETCentral Library, BUET629.83/CHE/19592014-11-17Circulation section
12682General Book   6629_000000000000000_83CHE1959 2014-11-18 2014-11-18Central Library, BUETCentral Library, BUET629.83/CHE/19592017-08-28Circulation section
24899Reading Item   7629_830000000000000_CHE_1959 2015-06-20 2015-06-20Central Library, BUETCentral Library, BUET629.83/CHE/19592015-06-20Reading section
12690Reading Item   8629_830000000000000_CHE_1959 2015-06-30 2015-06-30Central Library, BUETCentral Library, BUET629.83/CHE/19592019-09-07Reading section
8327Reading Item   9629_830000000000000_CHE_1959 2015-06-30 2015-06-30Central Library, BUETCentral Library, BUET629.83/CHE/19592015-06-30Reading section
8331Reading Item   10629_830000000000000_CHE_1959 2015-06-30 2015-06-30Central Library, BUETCentral Library, BUET629.83/CHE/19592015-06-30Reading section
8328Reading Item   11629_830000000000000_CHE_1959 2015-07-04 2015-07-04Central Library, BUETCentral Library, BUET629.83/CHE/19592015-07-04Reading section
32058General Book   12629_830000000000000_CHE_1959 1973-10-04 2018-05-12Central Library, BUETCentral Library, BUET629.83/CHE/19592018-05-12Circulation section